Guia d'itineraris per la Xarxa de Parcs Naturals
Descripción Física:
128 p. : il. col. ; 22 cm
MARC
| LEADER | 00000nam a2200000Ia 4500 | ||
|---|---|---|---|
| 001 | 17867 | ||
| 008 | 160829s2006 xx 000 0 cat d | ||
| 080 | |a C-2-456 | ||
| 245 | |a Guia d'itineraris per la Xarxa de Parcs Naturals | ||
| 260 | |a Barcelona : |b Diputació de Barcelona. Àrea d'Espais Naturals, |c 2006 | ||
| 300 | |a 128 p. : |b il. col. ; |c 22 cm | ||
| 650 | |a Senderisme |x Barcelona (Província) |9 22053 | ||
| 650 | |a Excursionisme |x Barcelona (Província) |9 49654 | ||
| 650 | 0 | |a Espais naturals |z Barcelona (Província) |9 40638 | |
| 651 | 0 | |a Barcelona (Catalunya : Província) |v Guies |9 52676 | |
| 710 | 1 | |a Barcelona (Catalunya : Província). |b Xarxa de Parcs Naturals |9 7250 | |
| 710 | |a Barcelona (Catalunya : Província). |b Àrea d'Espais Naturals |9 9050 | ||
| 901 | |a Arxiu | ||
| 942 | |n 1 | ||
| 952 | |0 0 |1 0 |4 0 |6 C2456 |7 1 |9 42032 |a Arxiu |b Arxiu |d 2016-12-01 |l 0 |o C-2-456 |p 17867 |r 2016-12-01 00:00:00 |w 2016-12-01 |y ARXIU | ||
| 999 | |c 44479 |d 44479 | ||